Luchas de amor (Record no. 172985)

MARC details
000 -LEADER
campo de control de longitud fija 00829namaa22001811i 4500
001 - NÚMERO DE CONTROL
campo de control 172985
003 - IDENTIFICADOR DE NÚMERO DE CONTROL
campo de control ES-MaACL
005 - FECHA Y HORA DE LA ÚLTIMA TRANSACCIÓN
campo de control 20230906215110.0
008 - DATOS DE LONGITUD FIJA--INFORMACIÓN GENERAL
campo de control de longitud fija 091001s1877 sp r |||| | spa d
016 7# - NÚMERO DE CONTROL DE UNA AGENCIA BIBLIOGRÁFICA NACIONAL
Número de control cancelado/no válido IND9100146317
040 ## - FUENTE DE CATALOGACIÓN
Centro catalogador/agencia de origen SpMaBN
Lengua de catalogación spa
Centro/agencia transcriptor A2
100 0# - ENTRADA PRINCIPAL--NOMBRE DE PERSONA
Nombre de persona Catalina, Mariano.
9 (RLIN) 37037
245 10 - MENCIÓN DEL TÍTULO
Título Luchas de amor
Resto del título : leyenda histórico-dramática en tres actos, /
Mención de responsabilidad, etc. original y en verso de Mariano Catalina.
260 ## - PUBLICACIÓN, DISTRIBUCIÓN, ETC.
Lugar de publicación, distribución, etc. Madrid :
Nombre del editor, distribuidor, etc. [s.n.],
Fecha de publicación, distribución, etc. 1877 (
Fabricante Imp. y Fundición de M. Tello)
300 ## - DESCRIPCIÓN FÍSICA
Extensión 92 p. ;
Dimensiones 19 cm.
500 ## - NOTA GENERAL
Nota general En port.: Representóse en el Teatro Español ... la noche del 30 de diciembre de 1870.
852 ## - LOCALIZACIÓN
Ubicación ES-MaACL
Número de control de estantería F-8601(3)
condición física .- Falto de la cub. original
Nota libre .- Enc. en un vol. facticio formando parte de la col. facticia "Teatro Español moderno", vol. 54
-- .- Firma de Gustavo Sáenz Diez, 1877
Holdings
Estatus retirado Estado de pérdida Estado de daño No para préstamo Colección Biblioteca de origen Biblioteca actual Ubicación en estantería Fecha de adquisición Fuente de adquisición Total de préstamos Signatura topográfica completa Código de barras Visto por última vez Precio de reemplazo Tipo de ítem Koha
        Libros del s. XIX Biblioteca del Ateneo de Madrid Biblioteca del Ateneo de Madrid Sala Pecera Planta 2 01/10/2009     F-8601(3) 1181514 23/02/2023 23/02/2023 Libro impreso antiguo